[Event "13th EICC"]
[Site "Plovdiv BUL"]
[Date "2012.03.29"]
[Round "9.111"]
[White "Paichadze, Luka"]
[Black "Schroll, Gerhard"]
[Result "1/2-1/2"]
[WhiteTitle "IM"]
[BlackTitle "IM"]
[WhiteElo "2491"]
[BlackElo "2388"]
[WhiteFideId "13602934"]
[BlackFideId "1600907"]
[EventDate "2012.03.20"]
[EventType "swiss"]

1. e4 Nf6 2. e5 Nd5 3. d4 d6 4. c4 Nb6 5. f4 dxe5 6. fxe5 Nc6 7. Be3 Bf5 8. Nc3
e6 9. Nf3 Bg4 10. Be2 Qd7 11. c5 Nd5 12. Nxd5 Qxd5 13. b4 Qe4 14. Kf2 Be7 15.
Qb3 a6 16. a4 O-O 17. Rhd1 Rfd8 18. h3 Bxf3 19. Bxf3 Qh4+ 20. g3 Qxh3 21. Qb1 g6
22. Rh1 Qf5 23. Qxf5 gxf5 24. Rad1 Nxb4 25. g4 f4 26. Bxf4 Nc6 27. Be3 f6 28.
exf6 Bxf6 29. d5 Ne5 30. dxe6 Nxf3 31. Kxf3 Rxd1 32. Rxd1 Re8 33. g5 Be5 34. Re1
Bc3 35. Rb1 Rxe6 36. Rxb7 Be5 37. Ke4 Bg3+ 38. Kd3 Kf7 39. Rb8 Kg6 40. Rg8+ Kf7
41. Rh8 Kg7 42. Bd4+ Kg6 43. Rg8+ Kf5 44. Rg7 Rg6 45. Rxh7 Rxg5 46. Rf7+ Ke6 47.
Rf6+ Kd5 48. Be3 Rg4 49. Rxa6 Bf4 50. Bf2 Bg3 51. Be3 Bf4 52. Bxf4 Rxf4 53. Kc3
Kxc5 54. Ra5+ Kb6 55. Rb5+ 1/2-1/2

[Event "13th EICC"]
[Site "Plovdiv BUL"]
[Date "2012.03.29"]
[Round "9.114"]
[White "Schiendorfer, Emanuel"]
[Black "Nigalidze, Gaioz"]
[Result "0-1"]
[WhiteTitle "FM"]
[BlackTitle "IM"]
[WhiteElo "2349"]
[BlackElo "2472"]
[WhiteFideId "1309889"]
[BlackFideId "13603078"]
[EventDate "2012.03.20"]
[EventType "swiss"]

1. d4 Nf6 2. c4 e6 3. Nf3 c5 4. d5 exd5 5. cxd5 d6 6. Nc3 a6 7. a4 g6 8. Bf4 Bg7
9. h3 O-O 10. e3 Ne8 11. Be2 Nd7 12. O-O Qe7 13. Nd2 f5 14. Re1 Rb8 15. Qb3 g5
16. Bh2 Kh8 17. Nc4 f4 18. exf4 gxf4 19. Bh5 Ne5 20. Bxe8 Qxe8 21. Nxd6 Qg6 22.
Nce4 f3 23. Bg3 fxg2 24. Nxc8 Nf3+ 25. Qxf3 Rxf3 26. Bxb8 Bd4 27. Rad1 Rxh3 28.
Ng3 Rxg3 29. Bxg3 Qxg3 30. Re8+ Kg7 31. Re7+ Kf8 32. Rxd4 Qh3 33. Rxh7 Qxh7 34.
Rf4+ Kg8 35. Kxg2 Qc7 36. Rg4+ Kf7 37. Na7 Qb8 38. d6 Qxa7 39. d7 Ke7 40. Rg7+
Kd8 41. a5 c4 0-1

[Event "13th EICC"]
[Site "Plovdiv BUL"]
[Date "2012.03.29"]
[Round "9.116"]
[White "Hagen, Andreas Skytte"]
[Black "Erturan, Yakup"]
[Result "1-0"]
[WhiteTitle "IM"]
[BlackTitle "IM"]
[WhiteElo "2453"]
[BlackElo "2370"]
[WhiteFideId "1407341"]
[BlackFideId "6301410"]
[EventDate "2012.03.20"]
[EventType "swiss"]

1. e4 e6 2. d4 d5 3. Nc3 Bb4 4. e5 c5 5. a3 Bxc3+ 6. bxc3 Qc7 7. Qg4 f5 8. Qg3
Nc6 9. Ne2 cxd4 10. cxd4 Nge7 11. c3 O-O 12. h4 Bd7 13. h5 Rac8 14. h6 g6 15.
Rh3 Rf7 16. Nf4 Kh8 17. Rb1 Rg8 18. Bd3 g5 19. Ne2 f4 20. Qg4 Nxe5 21. dxe5 Qxe5
22. Bb2 Qd6 23. Qh5 Rf6 24. c4 e5 25. cxd5 Bxh3 26. Qxh3 Qxd5 27. Bc4 Qxc4 28.
Bxe5 Rf8 29. Rxb7 Qe4 30. Qe6 Nd5 31. Bxf6+ Nxf6 32. Qxf6+ 1-0

[Event "13th EICC"]
[Site "Plovdiv BUL"]
[Date "2012.03.29"]
[Round "9.117"]
[White "Ali Marandi, Cemil Can"]
[Black "Zaslavsky, Mikhail"]
[Result "1/2-1/2"]
[WhiteTitle "FM"]
[BlackTitle "IM"]
[WhiteElo "2315"]
[BlackElo "2450"]
[WhiteFideId "6300529"]
[BlackFideId "2807670"]
[EventDate "2012.03.20"]
[EventType "swiss"]

1. e4 e5 2. Nf3 Nc6 3. Bb5 a6 4. Ba4 Nf6 5. O-O Bc5 6. c3 O-O 7. d4 Ba7 8. Bg5
h6 9. Bh4 exd4 10. cxd4 b5 11. Bb3 g5 12. Nxg5 hxg5 13. Bxg5 Bxd4 14. Nc3 Qe8
15. Nd5 Nh7 16. Bh6 Qe5 17. Qg4+ Kh8 18. Bxf8 Nxf8 19. Kh1 d6 20. Qe2 Qg7 21.
Rac1 Bd7 22. Nxc7 Ra7 23. Nd5 Ne6 24. Rcd1 Nc5 25. Bc2 Bxb2 26. Qh5+ Kg8 27. Qh4
Kf8 28. f4 Qh8 29. Qg3 Qg7 30. Qe1 Bg4 31. Rd2 Be6 32. Rf3 Bxd5 33. Rxd5 Nd4 34.
Qh4 Nde6 35. e5 Ke8 36. Rg3 Qf8 37. exd6 Kd7 38. f5 Kc6 39. Be4 Nxe4 40. Qxe4
Nc5 41. Qf3 Bf6 42. Rg4 Rd7 43. Rb4 Rxd6 44. Rxd6+ Kxd6 45. Rb1 Kc7 46. Rd1 Qe7
47. Qd5 Kb6 48. Qd6+ Ka5 49. Qd2+ 1/2-1/2

[Event "13th EICC"]
[Site "Plovdiv BUL"]
[Date "2012.03.29"]
[Round "9.119"]
[White "Ivanov, Stojan Lubomirov"]
[Black "Raznikov, Danny"]
[Result "1/2-1/2"]
[BlackTitle "IM"]
[WhiteElo "2309"]
[BlackElo "2436"]
[WhiteFideId "2908980"]
[BlackFideId "2811154"]
[EventDate "2012.03.20"]
[EventType "swiss"]

1. e4 c5 2. Nf3 d6 3. d4 cxd4 4. Nxd4 Nf6 5. Nc3 a6 6. Bc4 e6 7. Bb3 b5 8. O-O
Be7 9. Qf3 Qb6 10. Be3 Qb7 11. Qg3 O-O 12. Bh6 Ne8 13. Rad1 Kh8 14. Bg5 Nf6 15.
Bxf6 gxf6 16. Qe3 Rg8 17. f3 Nd7 18. Kh1 Nb6 19. Qe2 Bd7 20. a3 Rac8 21. f4 Nc4
22. Bxc4 Rxc4 23. f5 Qb6 24. Qd3 Rcc8 25. Qh3 Qb7 26. Rd3 Rg5 27. Rg3 Rxg3 28.
Qxg3 Rg8 29. Qe3 b4 30. axb4 Qxb4 31. fxe6 fxe6 32. Nb3 Qb8 33. Ra1 Qb7 34. Qd3
Bc8 35. Qe2 Qb6 36. Na4 Qb5 37. Qxb5 axb5 38. Nb6 Bb7 39. Ra7 Bxe4 40. Rxe7 Rxg2
41. Rxe6 Rg4+ 42. Rxe4 Rxe4 43. Kg1 Re1+ 44. Kf2 Rb1 45. Nc8 Rxb2 46. Nd4 b4 47.
Kg3 d5 48. Ne7 Rb1 49. Kf3 Rf1+ 50. Ke2 Rf4 51. Kd3 Rh4 52. Nxd5 Rxh2 53. Nxf6
h5 54. Nxh5 Rxh5 55. Kc4 Rh4 56. Kc5 Rh2 57. Kxb4 1/2-1/2

[Event "13th EICC"]
[Site "Plovdiv BUL"]
[Date "2012.03.29"]
[Round "9.121"]
[White "Georgiadis, Ioannis"]
[Black "Givon, Asaf"]
[Result "1/2-1/2"]
[WhiteTitle "IM"]
[BlackTitle "FM"]
[WhiteElo "2435"]
[BlackElo "2340"]
[WhiteFideId "4208900"]
[BlackFideId "2801841"]
[EventDate "2012.03.20"]
[EventType "swiss"]

1. e4 c5 2. Nf3 d6 3. d4 cxd4 4. Nxd4 Nf6 5. Nc3 a6 6. h3 Nc6 7. g4 Qb6 8. Nb3
e6 9. a4 Qc7 10. a5 Be7 11. Be3 Nd7 12. Be2 O-O 13. O-O Nc5 14. Nd2 Rd8 15. Nc4
Bd7 16. Qb1 Bf6 17. Rd1 Be8 18. Nxd6 Rxd6 19. Bxc5 Rxd1+ 20. Qxd1 Rd8 21. Qe1
Nxa5 22. Be3 Nc6 23. Kg2 Nd4 24. Bd3 Bc6 25. f3 h6 26. Qf2 Rd7 27. h4 Qd8 28.
Rh1 b5 29. Qg3 Qc7 30. Qxc7 Rxc7 31. g5 hxg5 32. hxg5 Be5 33. f4 Nf5 34. fxe5
Nxe3+ 35. Kf3 Nf5 36. Ne2 Ne7 37. Nf4 Bd7 38. Ra1 Bc8 39. Ke3 Nc6 40. c4 bxc4
41. Bxc4 Nxe5 42. Be2 g6 43. Ra5 Nc6 44. Rc5 Bb7 45. b4 Rc8 46. b5 axb5 47. Bxb5
Ne7 48. Rxc8+ Bxc8 49. Kd4 Bb7 50. Ke5 Kg7 1/2-1/2

[Event "13th EICC"]
[Site "Plovdiv BUL"]
[Date "2012.03.29"]
[Round "9.123"]
[White "Zueger, Beat"]
[Black "Duzhakov, Ilya"]
[Result "1/2-1/2"]
[WhiteTitle "IM"]
[BlackTitle "FM"]
[WhiteElo "2425"]
[BlackElo "2316"]
[WhiteFideId "1300067"]
[BlackFideId "4192516"]
[EventDate "2012.03.20"]
[EventType "swiss"]

1. c4 g6 2. g3 Bg7 3. Bg2 c5 4. e3 Nc6 5. Ne2 e5 6. Nbc3 Nge7 7. O-O O-O 8. b3
d6 9. Bb2 Be6 10. Nd5 Qd7 11. Nec3 Bh3 12. Bxh3 Qxh3 13. d3 f5 14. f4 Nxd5 15.
Nxd5 Rae8 16. Qd2 Qg4 17. Nc7 Re7 18. Nd5 Ree8 19. Nc7 Re7 20. Nd5 Ree8 21. Nc7
Re7 1/2-1/2

[Event "13th EICC"]
[Site "Plovdiv BUL"]
[Date "2012.03.29"]
[Round "9.125"]
[White "Ledger, Andrew J"]
[Black "Kourousis, Epaminondas"]
[Result "1-0"]
[WhiteTitle "IM"]
[WhiteElo "2424"]
[BlackElo "2284"]
[WhiteFideId "400610"]
[BlackFideId "4211626"]
[EventDate "2012.03.20"]
[EventType "swiss"]

1. c4 Nf6 2. g3 e6 3. Bg2 d5 4. Nf3 dxc4 5. Na3 Bxa3 6. bxa3 Nc6 7. Qc2 e5 8.
Qxc4 e4 9. Ng5 O-O 10. Bb2 h6 11. Nxe4 Nxe4 12. Qxe4 Re8 13. Qc4 Ne5 14. Bxe5
Rxe5 15. d4 Re7 16. O-O c6 17. e4 Be6 18. d5 cxd5 19. exd5 Rc8 20. Qb4 Bf5 21.
Rac1 Rxc1 22. Rxc1 Rc7 23. Re1 b6 24. Qf4 Bg6 25. d6 Rd7 26. Bc6 1-0

[Event "13th EICC"]
[Site "Plovdiv BUL"]
[Date "2012.03.29"]
[Round "9.126"]
[White "Baltag, Iulian"]
[Black "Kjurkchiiski, Georgi"]
[Result "1-0"]
[WhiteTitle "IM"]
[WhiteElo "2420"]
[BlackElo "2266"]
[WhiteFideId "13901419"]
[BlackFideId "2901153"]
[EventDate "2012.03.20"]
[EventType "swiss"]

1. d4 Nf6 2. g3 g6 3. Bg2 Bg7 4. c4 O-O 5. Nf3 d6 6. O-O Nbd7 7. Nc3 e5 8. h3
exd4 9. Nxd4 Re8 10. Qc2 a5 11. Rd1 Nc5 12. b3 Bd7 13. Ba3 Qc8 14. Kh2 Re5 15.
h4 Rh5 16. Kg1 Re5 17. Bb2 Bh3 18. Bh1 Bg4 19. Re1 Qd7 20. Rad1 Rae8 21. Bc1 h6
22. f3 g5 23. hxg5 hxg5 24. e4 Ncxe4 25. Nxe4 Nxe4 26. fxe4 Bxd1 27. Rxd1 Qg4
28. Kf2 Qh5 29. Bg2 Rc5 30. Nf5 Rxf5+ 31. exf5 Be5 32. Rd3 Qg4 33. Qd2 f6 34.
Bxb7 Qxf5+ 35. Kg2 Kg7 36. Rf3 Qg4 37. Qd3 Rh8 38. Qf5 Qh5 39. Qd7+ Kf8 40. Qc8+
Kg7 41. Qxc7+ Kh6 42. Bd5 Rh7 43. Qc8 Kg7 44. Qg8+ Kh6 45. Qf8+ 1-0

[Event "13th EICC"]
[Site "Plovdiv BUL"]
[Date "2012.03.29"]
[Round "9.128"]
[White "Vlashki, Nino"]
[Black "Neubauer, Martin"]
[Result "1/2-1/2"]
[BlackTitle "IM"]
[WhiteElo "2258"]
[BlackElo "2413"]
[WhiteFideId "2908743"]
[BlackFideId "1602675"]
[EventDate "2012.03.20"]
[EventType "swiss"]

1. Nf3 Nf6 2. g3 d5 3. Bg2 c6 4. O-O Bg4 5. d3 Nbd7 6. c4 e6 7. cxd5 exd5 8. Nc3
Bd6 9. h3 Bxf3 10. Bxf3 O-O 11. Bg2 Re8 12. e4 dxe4 13. dxe4 Qe7 14. f4 Bb4 15.
e5 Bxc3 16. bxc3 Nd5 17. Qd4 Qc5 18. Bxd5 cxd5 19. Rb1 b6 20. Be3 Rac8 21. Rfd1
Qxc3 22. Qxc3 Rxc3 23. Rb3 Rxb3 24. axb3 f6 25. Rxd5 Nb8 26. Bd4 fxe5 27. Bxe5
Nc6 28. Kf2 Nxe5 29. fxe5 Kf7 30. Ke3 Ke6 31. Kd4 Rc8 32. Rd6+ Ke7 33. b4 Rc1
34. Kd5 Rd1+ 35. Kc6 Rc1+ 36. Kd5 Rc3 37. g4 Rxh3 38. Re6+ Kf7 39. Rc6 Rd3+ 40.
Ke4 Rd1 41. Rc7+ Ke6 42. Rxg7 Rb1 43. Rxa7 Rxb4+ 44. Kf3 h6 45. Rh7 Kxe5 46.
Rxh6 Rb3+ 47. Ke2 Kf4 48. Rg6 1/2-1/2

[Event "13th EICC"]
[Site "Plovdiv BUL"]
[Date "2012.03.29"]
[Round "9.129"]
[White "Sanal, Vahap"]
[Black "Can, Emre"]
[Result "1/2-1/2"]
[WhiteTitle "CM"]
[BlackTitle "GM"]
[WhiteElo "2286"]
[BlackElo "2476"]
[WhiteFideId "6300545"]
[BlackFideId "6302181"]
[EventDate "2012.03.20"]
[EventType "swiss"]

1. e4 c5 2. Nf3 Nc6 3. d4 cxd4 4. Nxd4 g6 5. c4 Bg7 6. Be3 Nf6 7. Nc3 O-O 8. Be2
b6 9. Nc2 Bb7 10. f4 Na5 11. e5 Ne4 12. Nxe4 Bxe4 13. b4 Nc6 14. Bf3 Bxf3 15.
Qxf3 Qc7 16. O-O d6 17. exd6 Qxd6 18. Rad1 Qc7 19. a3 e6 20. Bf2 Rac8 21. Rd3 e5
22. Ne3 f5 23. Nd5 Qf7 24. Rdd1 Nd4 25. Bxd4 exd4 26. Rfe1 Rfe8 27. Rxe8+ Qxe8
28. Qf1 Qd7 29. Re1 Re8 30. Kf2 Re4 31. Qd3 Qe6 32. Rc1 h6 33. h4 Kh7 34. g3 b5
35. Nc7 Qc6 36. Nd5 a6 37. Rc2 Qe6 38. Nc7 Qe7 39. Nd5 Qd6 40. Rd2 Qc6 41. Rc2
Qd6 42. Rd2 Qe6 43. Rd1 bxc4 44. Qxc4 d3 45. Qxd3 Bd4+ 46. Qxd4 Rxd4 47. Rxd4
Kg7 48. Rd2 Qc6 49. Ne3 Kf7 50. Rc2 Qa4 51. Rc7+ Ke6 52. Rc3 Qd7 53. Rc5 h5 54.
Re5+ Kf7 55. Rd5 Qa4 56. Ra5 Qc6 57. Rc5 Qa4 58. Rc7+ Kf8 59. Rc3 Qd7 60. Ke2
Kg7 61. Rd3 Qc6 62. Kd2 Qh1 63. Nc2 Qc6 64. Ne3 Qh1 65. Nc4 Qg2+ 66. Kc3 Qa2 67.
Kd4 Qg2 68. Re3 Kf6 69. Kc3 Qa2 70. Rd3 Qa1+ 71. Kd2 Qa2+ 72. Kc3 Qa1+ 73. Kb3
Qb1+ 74. Nb2 Ke7 75. a4 Qg1 76. Nd1 Qf1 77. Kc4 Qe2 78. Nc3 Qe6+ 79. Rd5 Qc6+
80. Kb3 Qb6 81. Rxf5 Qd4 82. Rd5 Qf2 83. Rd3 Kf7 84. Kc4 Qb6 85. Rd7+ Kf8 86. b5
a5 87. Rd3 Qc7+ 88. Kd4 Qb6+ 89. Kc4 Qc7+ 90. Kb3 Qc5 91. Rd5 Qb6 92. Kc4 Qe6
93. Kd4 Qf6+ 94. Kd3 Qb6 95. Rd4 Qc5 96. Rd8+ Ke7 97. Rd5 Qf2 98. Re5+ Kf7 99.
Re3 Qb2 100. Re2 Qb4 101. Kc2 Qc5 102. Rd2 Qe3 103. Rd7+ Kf8 104. Rd3 Qc5 105.
Kd2 Qf2+ 106. Ne2 Qc5 107. Rd4 Kf7 108. Re4 Qd5+ 109. Ke3 Qc5+ 110. Kf3 Qa3+
111. Kf2 Qc5+ 112. Nd4 Qc1 113. f5 gxf5 114. Nxf5 Qc2+ 115. Kf3 Qd1+ 116. Kf4
Kf6 117. Ne3 Qd2 118. Kf3 Qb2 119. Rc4 Ke6 120. Rc6+ Kd7 121. Rc4 Qb3 122. Re4
Qb1 123. Kf4 Qa1 124. Kf5 Qg7 125. Kf4 Qa1 126. Nf5 Qc1+ 127. Ke5 Qc3+ 128. Rd4+
Kc7 129. Kf4 Qc1+ 130. Ne3 Qb2 131. Rc4+ Kd7 132. Kf3 Ke6 133. Rc5 Qb3 134. Rc6+
Kd7 135. Rc4 Ke6 136. Rd4 Qb1 137. Re4+ Kf7 138. Kf4 Qb2 139. Kf3 Qb1 140. Rf4+
Ke6 141. Rd4 Qb2 142. Rd6+ Ke7 143. Nf5+ Kf7 144. Kf4 Qc1+ 145. Ke5 Qa1+ 146.
Rd4 Qc3 147. Nd6+ Ke7 148. Ne4 Qb2 149. Kd5 Kd7 150. Rc4 Qb1 151. Nc5+ Kc7 152.
Ne6+ Kb8 153. Nd4 Qd3 154. Kc5 Kb7 155. Nc6 Qf5+ 156. Kd4 Qg4+ 157. Kd5 Qd7+
158. Ke5 Qg7+ 159. Kf5 Kb6 160. Ne5 Qxg3 161. Rd4 Kc5 162. Rf4 Qg7 163. Rf3 Qh7+
164. Ke6 Qg8+ 165. Rf7 Qe8+ 166. Kf6 Kb4 167. Nd7 Qd8+ 168. Re7 Qh8+ 169. Kg6
Qd4 170. Nf6 Kc5 171. Re4 Qb2 172. Rf4 Kd6 173. Kxh5 Qe5+ 174. Kg4 Qe2+ 175. Kg5
Qe5+ 176. Rf5 Qe3+ 177. Kh5 Qe2+ 178. Ng4 Qe8+ 179. Kg5 Qg8+ 180. Kh5 Qe8+ 181.
Kh6 Qh8+ 182. Kg5 Qg8+ 183. Kf4 Qc4+ 184. Kg3 Qxa4 185. b6 Kc6 186. Rf6+ Kb7
187. h5 Qa1 188. h6 Qg1+ 189. Kf4 Qh1 190. Ne5 a4 191. Kg5 a3 192. Rf7+ Kxb6
193. Nc4+ Kc5 194. Nxa3 Qc1+ 195. Kg6 Qxa3 196. Rf5+ Kd6 197. h7 Qg3+ 198. Kf7
Qh4 199. Kg6 Ke7 200. Rh5 Qe4+ 201. Kg5 Qe5+ 202. Kg4 Qh8 203. Kh3 Kf6 204. Rh4
Kf5 205. Kg3 Qb8+ 206. Kg2 Qb2+ 207. Kh3 Qc3+ 208. Kg2 Qd2+ 209. Kf1 Qc1+ 210.
Kf2 Qb2+ 211. Kg3 Qe5+ 212. Kf2 Qh8 213. Kg3 Kf6 214. Rf4+ Ke5 215. Rh4 Ke6 216.
Kh3 Kf5 217. Kg3 Qe5+ 218. Kf2 Qc5+ 219. Kf1 Qc1+ 220. Kf2 Qb2+ 221. Kg3 Qg7+
222. Kf2 Qa7+ 223. Kg2 Qa2+ 224. Kf1 Qb1+ 225. Kg2 Qb2+ 226. Kg3 Qc3+ 227. Kg2
Qg7+ 228. Kf2 Qb2+ 1/2-1/2

[Event "13th EICC"]
[Site "Plovdiv BUL"]
[Date "2012.03.29"]
[Round "9.131"]
[White "Grandadam, Nicolas"]
[Black "Bukal, Vladimir Jr."]
[Result "1-0"]
[WhiteTitle "FM"]
[BlackTitle "IM"]
[WhiteElo "2361"]
[BlackElo "2441"]
[WhiteFideId "681806"]
[BlackFideId "14502941"]
[EventDate "2012.03.20"]
[EventType "swiss"]

1. Nf3 e6 2. c4 b6 3. d4 Bb7 4. g3 Bb4+ 5. Bd2 Bxf3 6. exf3 Bxd2+ 7. Qxd2 Nf6 8.
d5 O-O 9. Nc3 c6 10. Be2 a5 11. O-O Na6 12. f4 Qc7 13. Bf3 Nc5 14. Rfd1 Rfd8 15.
Qe2 Ne8 16. Rd2 Nd6 17. Rad1 Rab8 18. dxc6 dxc6 19. Qe5 f6 20. Qe2 Kf7 21. Ne4
Nf5 22. Bg4 Rxd2 23. Rxd2 Nxe4 24. Qxe4 Rd8 25. Rxd8 Qxd8 26. Bxf5 exf5 27. Qxc6
Qd4 28. b3 Qa1+ 29. Kg2 Qd4 30. a3 Ke7 31. b4 a4 32. h4 h5 33. Qxa4 g5 34. hxg5
h4 35. Qb3 Qe4+ 36. Kh2 hxg3+ 37. Qxg3 Qxc4 38. gxf6+ Kxf6 39. Qg5+ Kf7 40.
Qxf5+ Kg7 41. Qe5+ Kh7 42. Kg3 Qb3+ 43. Kg4 Qd1+ 44. Kg5 b5 45. Kf6 1-0

[Event "13th EICC"]
[Site "Plovdiv BUL"]
[Date "2012.03.29"]
[Round "9.132"]
[White "Colovic, Aleksandar"]
[Black "Videnova, Iva"]
[Result "1-0"]
[WhiteTitle "IM"]
[BlackTitle "WGM"]
[WhiteElo "2436"]
[BlackElo "2301"]
[WhiteFideId "15000729"]
[BlackFideId "2907763"]
[EventDate "2012.03.20"]
[EventType "swiss"]

1. c4 Nf6 2. Nf3 g6 3. Nc3 d5 4. cxd5 Nxd5 5. Qb3 Nb6 6. d4 Bg7 7. e4 O-O 8. Be3
Bg4 9. Rd1 a5 10. a4 Nc6 11. d5 Nb4 12. Be2 Kh8 13. O-O Nc8 14. Bd4 Bd7 15.
Bxg7+ Kxg7 16. e5 e6 17. Bc4 Qe7 18. dxe6 Bxe6 19. Bxe6 fxe6 20. Nd4 Ra6 21. Ne4
c5 22. Nb5 Rc6 23. Nf6 Nb6 24. Qh3 h6 25. Nd6 N4d5 26. Nde4 Nd7 27. Nxd7 Qxd7
28. Nd6 Qe7 29. Rfe1 Rf4 30. b3 h5 31. Re4 Rf8 32. Qg3 Rb6 33. Rc1 h4 34. Rxh4
Rxb3 35. f3 Rb4 36. Ne4 Rh8 37. Rxh8 Kxh8 38. Qxg6 c4 39. Ng5 Qg7 40. Qh5+ Kg8
41. Qe8+ 1-0

[Event "13th EICC"]
[Site "Plovdiv BUL"]
[Date "2012.03.29"]
[Round "9.135"]
[White "Sarbok, Torsten"]
[Black "Diermair, Andreas"]
[Result "0-1"]
[WhiteTitle "FM"]
[BlackTitle "IM"]
[WhiteElo "2349"]
[BlackElo "2416"]
[WhiteFideId "4630068"]
[BlackFideId "1612468"]
[EventDate "2012.03.20"]
[EventType "swiss"]

1. e4 c6 2. d4 d5 3. Nd2 dxe4 4. Nxe4 Bf5 5. Ng3 Bg6 6. Nf3 Nd7 7. Bd3 e6 8. O-O
Ngf6 9. Re1 Bd6 10. Nf5 Bxf5 11. Bxf5 O-O 12. Bd3 Qc7 13. c3 c5 14. g3 cxd4 15.
Nxd4 a6 16. Bf1 Rfe8 17. Bg2 Rad8 18. Qe2 Ne5 19. Bg5 Ned7 20. Qf3 Rb8 21. Rad1
h6 22. Bc1 Bc5 23. Qe2 Rbc8 24. Nc2 Qb6 25. a3 a5 26. Nd4 a4 27. Bf1 e5 28. Nf5
e4 29. Bf4 Ne5 30. Bxe5 Rxe5 31. Ne3 Bxe3 32. fxe3 h5 33. Rd4 h4 34. gxh4 Rh5
35. Rxe4 Nxe4 36. Qxh5 Qxb2 37. Re2 Qxc3 38. Qd5 Re8 39. Qxb7 Qxa3 40. Qb5 Qe7
41. Qc6 Rd8 42. Rg2 a3 43. h5 Qe5 44. h6 g6 45. Qc4 Ng5 46. Qb3 Nh3+ 47. Kh1 Qf5
48. Be2 a2 49. Qxa2 Rd1+ 0-1

[Event "13th EICC"]
[Site "Plovdiv BUL"]
[Date "2012.03.29"]
[Round "9.136"]
[White "Agaragimov, Djakhangir"]
[Black "Goumas, Georgios"]
[Result "1/2-1/2"]
[WhiteTitle "FM"]
[WhiteElo "2342"]
[BlackElo "2398"]
[WhiteFideId "13401718"]
[BlackFideId "4208935"]
[EventDate "2012.03.20"]
[EventType "swiss"]

1. d4 Nf6 2. Nf3 e6 3. c4 d5 4. g3 dxc4 5. Bg2 Bb4+ 6. Bd2 c5 7. dxc5 Bxc5 8.
Qa4+ Bd7 9. Qxc4 Qb6 10. O-O Bb5 11. Qc2 Ng4 12. Be1 Nd7 13. Nc3 O-O 14. h3 Ngf6
15. Nxb5 Qxb5 16. a4 Qb6 17. Bc3 Rac8 18. e3 Bb4 19. Rfc1 Bxc3 20. bxc3 Nd5 21.
Ng5 N7f6 22. Bxd5 exd5 23. Rab1 Qc6 24. Rb4 h6 25. Nf3 Ne4 26. Qb2 Nc5 27. Ne1
Nxa4 28. Qd2 1/2-1/2

[Event "13th EICC"]
[Site "Plovdiv BUL"]
[Date "2012.03.29"]
[Round "9.139"]
[White "Schachinger, Mario"]
[Black "Pavlidou, Ekaterini"]
[Result "1-0"]
[WhiteTitle "FM"]
[BlackTitle "WIM"]
[WhiteElo "2391"]
[BlackElo "2231"]
[WhiteFideId "1616773"]
[BlackFideId "4213262"]
[EventDate "2012.03.20"]
[EventType "swiss"]

1. c4 Nf6 2. g3 c5 3. Bg2 e5 4. Nc3 Be7 5. Nf3 d6 6. O-O O-O 7. Ne1 Nc6 8. Nc2
Bd7 9. a3 Qc8 10. b4 Bh3 11. d3 Bxg2 12. Kxg2 cxb4 13. axb4 d5 14. b5 d4 15.
bxc6 dxc3 16. cxb7 Qxb7+ 17. Kg1 Rfd8 18. Ba3 e4 19. Rb1 Qc7 20. Bxe7 Qxe7 21.
Rb3 Ng4 22. Rxc3 Qe5 23. Qd2 Qh5 24. h4 Ne5 25. d4 Rac8 26. c5 Nc6 27. Rd1 Rd5
28. Qe3 Re8 29. Kg2 f6 30. Rb3 a5 31. Rb6 Ne7 32. Qxe4 Nc6 33. Qf3 Rxe2 34. Ne3
Rxe3 35. Qxh5 1-0

[Event "13th EICC"]
[Site "Plovdiv BUL"]
[Date "2012.03.29"]
[Round "9.140"]
[White "Janev, Tihomir"]
[Black "Yakimenko, Alexander A."]
[Result "1-0"]
[WhiteTitle "FM"]
[WhiteElo "2382"]
[BlackElo "2223"]
[WhiteFideId "2910110"]
[BlackFideId "24141917"]
[EventDate "2012.03.20"]
[EventType "swiss"]

1. e4 e6 2. d4 d5 3. Nc3 Bb4 4. e5 c5 5. a3 Bxc3+ 6. bxc3 Qa5 7. Bd2 Qa4 8. Qg4
Kf8 9. Nf3 Nc6 10. Be2 Nge7 11. h4 Bd7 12. h5 h6 13. Qf4 Re8 14. Rh3 Qxc2 15.
dxc5 Qe4 16. Rh4 Qxf4 17. Rxf4 Rc8 18. Rb1 Rc7 19. Bd3 Bc8 20. Be3 a6 21. Rb6
Bd7 22. Bd4 Nc8 23. Rb1 N6a7 24. Kd2 Bb5 25. Bc2 Nc6 26. a4 Bc4 27. g4 Na5 28.
g5 hxg5 29. Nxg5 Kg8 30. Rg1 Bb3 31. c6 Nc4+ 32. Kc1 Bxc2 33. Kxc2 bxc6 34. Rfg4
Rxh5 35. Ne4 dxe4 36. Rxg7+ Kf8 37. Bc5+ Ke8 38. Rg8+ Kd7 39. Rf8 Ne7 40. Rxf7
Ke8 41. Rgg7 Rxe5 42. Rxe7+ Rxe7 43. Bxe7 e3 44. fxe3 Nxe3+ 45. Kb3 Nf5 46. Bf6
Nxg7 47. Bxe5 Nf5 48. Kb4 Ne3 49. Bd4 Nc2+ 50. Kc5 Nxd4 51. cxd4 Kd7 52. Kb6 a5
53. Kxa5 c5 54. dxc5 e5 55. Kb4 e4 56. a5 e3 57. Kc3 Kc6 58. a6 Kc7 59. Kd3 1-0

[Event "13th EICC"]
[Site "Plovdiv BUL"]
[Date "2012.03.29"]
[Round "9.141"]
[White "Dimitrov, Atanas"]
[Black "Manea, Alexandru"]
[Result "1-0"]
[WhiteTitle "IM"]
[BlackTitle "IM"]
[WhiteElo "2318"]
[BlackElo "2381"]
[WhiteFideId "2901315"]
[BlackFideId "1207660"]
[EventDate "2012.03.20"]
[EventType "swiss"]

1. d4 Nf6 2. Nf3 e6 3. g3 b5 4. Bg2 d5 5. O-O Nbd7 6. b3 Ba6 7. Bb2 Be7 8. Nbd2
O-O 9. Ne5 Nxe5 10. dxe5 Nd7 11. e4 c6 12. Qg4 Qa5 13. Nf3 Ba3 14. Bd4 Qc7 15.
Rad1 Bb7 16. exd5 cxd5 17. c3 a5 18. Rfe1 Ba6 19. Ng5 Rae8 20. Bxd5 exd5 21. Qf5
g6 22. Qh3 h5 23. e6 fxe6 24. Rxe6 Nf6 25. Rxa6 Bd6 26. Qf1 b4 27. Qd3 1-0

[Event "13th EICC"]
[Site "Plovdiv BUL"]
[Date "2012.03.29"]
[Round "9.142"]
[White "Nestorovic, Lazar"]
[Black "Mindlin, Alon"]
[Result "1/2-1/2"]
[WhiteTitle "IM"]
[WhiteElo "2374"]
[BlackElo "2186"]
[WhiteFideId "937517"]
[BlackFideId "2800071"]
[EventDate "2012.03.20"]
[EventType "swiss"]

1. e4 e5 2. Nf3 Nc6 3. Bb5 a6 4. Ba4 Nf6 5. d3 d6 6. Nc3 Be7 7. Bg5 b5 8. Bb3
Na5 9. h3 Nxb3 10. axb3 Bb7 11. Qe2 Qd7 12. g4 b4 13. Nd1 h5 14. Rg1 hxg4 15.
hxg4 g6 16. Ne3 a5 17. Nc4 a4 18. bxa4 Rxa4 19. Rd1 Qe6 20. Nfd2 Rh3 21. Ne3 Ra2
22. Ndc4 Rh2 23. Qf3 Nh7 24. Bxe7 Qxe7 25. Qg3 Ng5 26. Kf1 Rh3 27. Qg2 Rh4 28.
Rh1 Ne6 29. Ke1 b3 30. cxb3 Nd4 31. b4 Qg5 32. Rxh4 Qxh4 33. Kf1 Ra4 34. Rc1
Rxb4 35. Ra1 Kd7 36. Ra7 Nc6 37. Ra1 Nd4 38. Ra3 Nb5 39. Ra5 Nd4 40. Ra3 Nb5 1/2-1/2

[Event "13th EICC"]
[Site "Plovdiv BUL"]
[Date "2012.03.29"]
[Round "9.143"]
[White "Ben Artzi, Ido"]
[Black "Braun, Christian2"]
[Result "0-1"]
[BlackTitle "FM"]
[WhiteElo "2271"]
[BlackElo "2372"]
[WhiteFideId "2810913"]
[BlackFideId "4692098"]
[EventDate "2012.03.20"]
[EventType "swiss"]

1. d4 Nf6 2. c4 g6 3. Nc3 Bg7 4. e4 d6 5. f3 O-O 6. Be3 a6 7. Qd2 Nbd7 8. Nh3 c5
9. d5 Rb8 10. Nf2 Qa5 11. a4 b5 12. cxb5 Ne8 13. Ncd1 Qxd2+ 14. Bxd2 axb5 15.
axb5 Nc7 16. Ra5 e6 17. dxe6 Nxe6 18. Ng4 Nd4 19. Bc3 f5 20. exf5 gxf5 21. Nge3
Nb6 22. Nc4 d5 23. Nxb6 Rxb6 24. Ra7 Bb7 25. Bxd4 Bxd4 26. Nc3 c4 27. Rxb7 Bxc3+
28. bxc3 Rxb7 29. Kf2 Rxb5 30. Ke3 Rb1 0-1